Obras completas III
Αποθηκεύτηκε σε:
| Κύριος συγγραφέας: | |
|---|---|
| Μορφή: | Βιβλίο |
| Γλώσσα: | Spanish |
| Έκδοση: |
San José, Costa Rica
Editorial Universidad de Costa Rica
2011
|
| Θέματα: | |
| Ετικέτες: |
Προσθήκη ετικέτας
Δεν υπάρχουν, Καταχωρήστε ετικέτα πρώτοι!
|
MARC
| LEADER | 00000nam a22000007a 4500 | ||
|---|---|---|---|
| 008 | 171204b xxu||||| |||| 00| 0 spa d | ||
| 040 | |a cru BVZT | ||
| 090 | |a 868 A-1o v.3 | ||
| 100 | |a Acuña, José Basileo | ||
| 245 | |a Obras completas III |c José Basileo Acuña; Peggy von Mayer Chavés, editora | ||
| 260 | |a San José, Costa Rica |b Editorial Universidad de Costa Rica |c 2011 | ||
| 300 | |a 502 páginas. Vol. III | ||
| 650 | |a LITERATURA COSTARRICENSE | ||
| 650 | |a JOSÉ VASILEO ACUÑA | ||
| 650 | |a POESÍA | ||
| 650 | |a POESÍA INÉDITA | ||
| 650 | |a POESÍA HUMANÍSTICA | ||
| 942 | |c 15 D | ||
| 999 | |c 15422 |d 15422 | ||
